| 000 | 01183nam a2200193 a 4500 | ||
|---|---|---|---|
| 001 | 000037698 | ||
| 003 | OSt | ||
| 005 | 20210407185745.0 | ||
| 008 | 121115s2012 dr a 001 0 spa d | ||
| 020 | _a9789945164817 | ||
| 040 |
_aDO-SdBNP _bspa _cBNPHU |
||
| 100 | 1 |
_aGleijeses, Piero _964160 |
|
| 245 | 1 | 3 |
_aLa esperanza desgarrada : _bla rebelión dominicana de y la invación norteamericana / _cPiero Gleijeses. |
| 260 |
_aSanto Domingo : _bEditora Búho, _c2012. |
||
| 300 |
_a562 p. : _bil., retrs. ; _c25 cm. |
||
| 500 | _aIncluye índice | ||
| 505 | 1 |
_tAbreviatura -- _tPrólogo para la edición dominicana -- _tprólogo para la edición cubana -- _tPrefacio-- _tBosquejo de la historia dominicana -- _tNicaragüización o democatización? -- _tconsejo de estado -- _tGobierno contitucional de Juan Bosch -- _tTriunvirato-- _tContragolpe -- _tHacia la guerra civil -- _tBalance de furezas -- _tGuerra civil -- _tFracasa la jugada de San Isidro -- _tTriunfo de fuerza -- _tLa pax americana -- _tLa izquierda dominicana en la era de Trujillo -- _tMinerva Mirabal de Taváres -- _tLa intervención humanitaria -- _tFuentes consultadas-- _tobras citadas -- _tÍndice onomástico -- |
|
| 942 |
_2ddc _cLBS1 |
||
| 999 |
_c37188 _d37188 |
||